Gender Differences in School Achievement and Attitudes Towards Motivation in Secondary Economic Education
Táto štúdia skúmala školský prospech a postoje českých a slovenských stredoškolákov (n = 572; vek: 17-19) k motivácii v ekonomických predmetoch. Cieľom bolo analyzovať faktory motivácie žiakov, ich vzťah k vybraným kompetenciám učiteľa a školský prospech žiakov s ohľadom na ich pohlavie.
Salvato in:
| Autore principale: | |
|---|---|
| Altri autori: | , , |
| Natura: | Capitolo di libro |
| Lingua: | inglese |
| Soggetti: | |
| Tags: |
Nessun Tag, puoi essere il primo ad aggiungerne!!
|
MARC
| LEADER | 00000naa a2200000 4500 | ||
|---|---|---|---|
| 001 | 0304850 | ||
| 005 | 20260327103248.3 | ||
| 041 | 0 | |a eng | |
| 044 | |a CZ | ||
| 245 | 1 | 0 | |a Gender Differences in School Achievement and Attitudes Towards Motivation in Secondary Economic Education |c Jaromír Novák, Kateřina Berková, Andrea Kubišová |
| 520 | |a Táto štúdia skúmala školský prospech a postoje českých a slovenských stredoškolákov (n = 572; vek: 17-19) k motivácii v ekonomických predmetoch. Cieľom bolo analyzovať faktory motivácie žiakov, ich vzťah k vybraným kompetenciám učiteľa a školský prospech žiakov s ohľadom na ich pohlavie. | ||
| 610 | 2 | 0 | |a školy stredné |
| 610 | 2 | 0 | |a Česko |
| 610 | 2 | 0 | |a Slovensko |
| 610 | 2 | 0 | |a žiaci |
| 100 | 1 | |a Novák, Jaromír, 1978- | |
| 700 | 1 | |a Berková, Kateřina | |
| 700 | 1 | |a Kubišová, Andrea | |
| 700 | 1 | |a Kolářová, Dana | |